| 000 | 00476nam a22001697a 4500 | ||
|---|---|---|---|
| 003 | NUST-PNEC | ||
| 005 | 20170116180744.0 | ||
| 008 | 150113b xxu||||| |||| 00| 0 eng d | ||
| 040 | _cPNEC | ||
| 082 | _a153.9420 ASI | ||
| 100 |
_91207 _aAsif, Ghulam Abbas |
||
| 245 |
_a2001 Entry test MCQs multiple choice questions : English 1998-99 _cGhulam Abbas Asif |
||
| 260 |
_aLahore : _bPublishers Emporium, |
||
| 300 |
_a363 p.: _c21 cm. |
||
| 650 | _xGeneral | ||
| 942 |
_2ddc _cBK |
||
| 999 |
_c62292 _d62292 |
||